Lyrics to 'Our First Time' by Bruno Mars - Statistics

General Stats
  • This quiz has been taken 11 times
  • The average score is 333 of 363
Answer Stats
Answer % Correct
a
100%
all
100%
And
100%
and
100%
are
100%
at
100%
babe
100%
Babe
100%
baby?
100%
baby!
100%
baby
100%
be
100%
big
100%
brand
100%
Cause
100%
doing
100%
Don't
100%
don't
100%
each
100%
feel
100%
first
100%
for
100%
go
100%
Go
100%
gonna
100%
good
100%
got
100%
hearts
100%
here
100%
I
100%
in
100%
is
100%
Is
100%
it
100%
it's
100%
It's
100%
make
100%
minute
100%
move?
100%
need
100%
nervous
100%
new
100%
night
100%
no
100%
now
100%
okay?
100%
old
100%
on
100%
only
100%
our
100%
place
100%
room
100%
so
100%
Staring
100%
that
100%
the
100%
The
100%
thing
100%
this
100%
to
100%
way
100%
we
100%
who's
100%
worry
100%
you
100%
about
75%
alright?
75%
away
75%
Been
75%
before
75%
both
75%
cream
75%
day
75%
delicious
75%
desire
75%
eat
75%
empty
75%
Girl
75%
girl
75%
ice
75%
Just
75%
like
75%
Like
75%
melt
75%
other
75%
planned
75%
princess
75%
real
75%
slow
75%
sunny
75%
time
75%
Treat
75%
what
75%
will
75%
wish
75%
with
75%
Clothes
50%
command
50%
my
50%
not
50%
required
50%
your
50%
No matching quizzes found
Score Distribution
Percent of People with Each Score
Percentile by Number Answered
Your Score History
You have not taken this quiz